000 00712nam a2200217 i 4500
001 105986
003 ES-MaACL
005 20230906184028.0
007 t|
008 060919s1969 fr ||||1| spa d
080 _a325.254.4(46):32
080 _a32:325.254.4(46)
100 1 _aPike, David Wingeate.
_992014
245 1 0 _aVae victis!
_b: los republicanos españoles refugiados en Francia, 1939-1944 /
_cDavid Wingeate Pike.
260 _a[Paris] :
_bRuedo Ibérico,
_c[1969]
300 _a140 p. ;
_c18 cm.
650 1 4 _aExiliados españoles-
_zFrancia.
_912670
710 2 _aÉditions Ruedo ibérico.
_9145333
852 4 _aES-MaACL
_jAND-910
_z- Biblioteca Juan Andrade
852 4 _aES-MaACL
_jL-2928
999 _c105986
_d105986